header

Sonar 3 ignite! (Record no. 65321)

MARC details
000 -LEADER
fixed length control field 01062nam a2200301Ia 4500
245 00 - TITLE STATEMENT
Title Sonar 3 ignite!
260 ## - PUBLICATION, DISTRIBUTION, ETC. (IMPRINT)
Place of publication Boston :
Name of publisher Premiere Press,
Year of publication 2004.
300 ## - PHYSICAL DESCRIPTION
Number of Pages xx, 396 p. :
Other physical details ill.
490 1# - SERIES STATEMENT
Series statement Ignite
500 ## - GENERAL NOTE
General note Includes index.
650 #0 - SUBJECT ADDED ENTRY--TOPICAL TERM
Topical Term MIDI (Standard)
856 40 - ELECTRONIC LOCATION AND ACCESS
Uniform Resource Identifier http://site.ebrary.com/lib/rucke/Doc?id=10054330

No items available.

© 2026 Rongo University
Contact us: librarian | system librarian | Rongo university